| 000 | 00587nam a22001817a 4500 | ||
|---|---|---|---|
| 005 | 20250828104530.0 | ||
| 008 | 250828b |||||||| |||| 00| 0 eng d | ||
| 037 | _cTB | ||
| 040 |
_aAL _cAL |
||
| 041 |
_2ENG _aENG |
||
| 084 |
_aT:(S) L4 _qAL |
||
| 100 |
_aMueller, Richard J. _9769725 |
||
| 245 |
_aPrinciples of classroom learning and perception: _b an intorduction to educational psychology |
||
| 260 |
_aNew York, USA: _bPraeger Publishers, _c1974. |
||
| 300 | _a344p. | ||
| 942 |
_2CC _cTB _hT:(S) L4 _n0 |
||
| 999 |
_c1434926 _d1434926 |
||